Membres de l'Alliance des Super-vilains dans My Hero Academia - Statistiques

Statistiques générales
  • Ce quiz a été pris 22 fois
  • Le résultat moyen est 12 sur 41
Statistiques - réponses
Membres de l'Alliance des Super-vilains % Correct
All for One
100%
Crématorium
100%
Tomura Shigaraki
100%
Himiko Toga
90%
Mister Compress
85%
Twice
80%
Spinner
70%
Black Mist
60%
Magnet
60%
Muscular
40%
Brainless
35%
Brainless Tronçonneuse
35%
Gigantomachia
35%
Nomus
35%
Nomus
35%
Nomus
35%
Woman
35%
Hood
30%
Moonfish
25%
Mustard
25%
Daruma Ujiko
10%
Giran
10%
Johnny
10%
Chomper
5%
Gravitationel Spring
5%
Hanzo Suiden
5%
Hard Head
5%
Invisible Wall
5%
Martial Hair
5%
Mocha
5%
Muscle Man
5%
Needle Hair
5%
Oxy-Man
5%
Sharkyonara
5%
Steel Bulwark
5%
Stitched Giant
5%
Tesla
5%
Thousand Eyes
5%
Victor
5%
Minautaurus
0%
Sickle Claw
0%
Aucun quiz correspondant
Distribution des résultats
% des personnes avec chaque résultat
Percentile par nombre de réponses
Votre historique - résultats
Vous n’avez pas pris ce quiz